00695nam a2200181 a 4500008004100000020001500041050001400056100002300070245006600093260003900159300001500198350000900213650002700222700002100249995009600270999001700366952013000383120416s1985 ||||||||||||||||| || u a0866564780 aZ 678 Exc aGeorgi, Charlottee10aExcellence in library managementcedited by Charlottee Georgi aNew York:bThe Haworth Pressc1985 axxii, 71p. a0.00 aLibrary administration aBellanti, Ronert D0.00FCBU-MAIN LIBRARY (Kitwe)H1I19.15M1UAVAILABLEZMain Library Open Access Collection c42819d42819 00102lcc4070a001b001cMain Library Open Access Collectiond2022-11-30l0oZ 678 Excp017496r2022-11-30w2022-11-30y002